Criminología: una introducción a sus fundamentos teóricos / (Registro nro. 2414)

Detalles MARC
000 -LEADER
campo de control de longitud fija 03264nam a2200397 i 4500
001 - NÚMERO DE CONTROL
campo de control 2414
003 - IDENTIFICADOR DE NÚMERO DE CONTROL
campo de control gttocutb
005 - FECHA Y HORA DE LA ÚLTIMA TRANSACCIÓN
campo de control 20251023180915.0
007 - CAMPO FIJO DE DESCRIPCIÓN FÍSICA--INFORMACIÓN GENERAL
campo de control de longitud fija ta
008 - DATOS DE LONGITUD FIJA--INFORMACIÓN GENERAL
campo de control de longitud fija 251023b2017 ag d||||r|||| 001 0 spa d
020 ## - NÚMERO INTERNACIONAL ESTÁNDAR DEL LIBRO
Número Internacional Estándar del Libro 9789507434051
040 ## - FUENTE DE CATALOGACIÓN
Centro catalogador/agencia de origen gttocutb
Lengua de catalogación spa
Centro/agencia transcriptor gttocutb
Centro/agencia modificador gttocutb
Normas de descripción rda
082 04 - NÚMERO DE LA CLASIFICACIÓN DECIMAL DEWEY
Número de clasificación 364 G216:8
100 1# - ENTRADA PRINCIPAL--NOMBRE DE PERSONA
Nombre de persona García-Pablos de Molina, Antonio,
Término indicativo de función/relación autor.
245 1# - MENCIÓN DEL TÍTULO
Título Criminología: una introducción a sus fundamentos teóricos /
Mención de responsabilidad, etc. Antonio García-Pablos de Molina
250 ## - MENCION DE EDICION
Mención de edición 8a.
264 1# - PRODUCCIÓN, PUBLICACIÓN, DISTRIBUCIÓN, FABRICACIÓN Y COPYRIGHT
Producción, publicación, distribución, fabricación y copyright Buenos Aires, Argentina :
Nombre del de productor, editor, distribuidor, fabricante Valleta Ediciones,
Fecha de producción, publicación, distribución, fabricación o copyright 2017.
264 1# - PRODUCCIÓN, PUBLICACIÓN, DISTRIBUCIÓN, FABRICACIÓN Y COPYRIGHT
Fecha de producción, publicación, distribución, fabricación o copyright ©2017
300 1# - DESCRIPCIÓN FÍSICA
Extensión 739 páginas :
Otras características físicas gráficas en blanco y negro,
Dimensiones 23 cm.
336 ## - TIPO DE CONTENIDO
Fuente rdacontenido
Término de tipo de contenido texto
Código de tipo de contenido txt
337 ## - TIPO DE MEDIO
Fuente rdamedio
Nombre/término del tipo de medio sin mediación
Código del tipo de medio n
338 ## - TIPO DE SOPORTE
Fuente rdasoporte
Nombre/término del tipo de soporte volumen
Código del tipo de soporte nc
505 00 - NOTA DE CONTENIDO CON FORMATO
Información miscelánea Indice:
505 00 - NOTA DE CONTENIDO CON FORMATO
Información miscelánea 1. La criminología como ciencia empírica e interdisciplinaria, concepto, método, objeto, sistema y funciones de la criminología. --
505 0# - NOTA DE CONTENIDO CON FORMATO
Título 2. Historia del pensamiento criminológico, la consolidación de la criminología como ciencia: la lucha de escuelas y las diversas teorías de la criminalidad. --
505 0# - NOTA DE CONTENIDO CON FORMATO
Título 3. La moderna criminología -científica- y los diversos modelos teóricos, biología criminal, psicología criminal y sociología criminal. --
505 0# - NOTA DE CONTENIDO CON FORMATO
Título 4. La prevención del crimen en el estado social y democrático de derecho. --
505 0# - NOTA DE CONTENIDO CON FORMATO
Título 5. Análisis criminológico de los diversos modelos y sistemas de reacción al delito. --
520 ## - RESUMEN, ETC.
Sumario, etc. Es, sin duda, un motivo de satisfacción que ya penalistas de diversos países persigan los mismos objetivos de esta obra, esto es, mejorar las relaciones entre el mundo de las «togas negras» del Derecho y el de las «batas blancas» de la Ciencia, asumiendo la necesidad de compatibilizar la pretensión punitiva del Estado, que nace del delito (castigo «justo y merecido», tema del idealismo alemán) con la reparación del daño ocasionado a la víctima y a la sociedad, la rehabilitación –en la medida de lo posible– del infractor, y la pacificación de las relaciones sociales heridas por el delito.<br/><br/>La problemática de la víctima, siempre rica y actual, merece una atención prioritaria en esta nueva edición. Para comenzar, se subraya en la misma el significado de dos conceptos novedosos pero muy importantes: los de «resilencia» y «victimagogia».<br/><br/>Con el primero –«resilencia»– se hace alusión a una actitud positiva, constructiva, de la víctima para abordar y asumir la realidad del suceso traumático de la victimización, con entereza, evitando que éste se consolide y cronifique, se perpetúe. Con el de «victimagogia», se llama la atención y se denuncia cierto discurso político manipulador populista que utiliza el sufrimiento de la víctima y las expectativas de ésta al servicio de la restricción de los derechos y libertades ciudadanas, y del denominado «encarnizamiento punitivo».(www.librotecnia.cl)
521 ## - NOTA DE PÚBLICO DESTINATARIO
Nota de público destinatario Recomendado para estudiantes y profesores de Derecho
650 14 - PUNTO DE ACCESO ADICIONAL DE MATERIA--TÉRMINO DE MATERIA
Fuente del encabezamiento o término LEMB
Término de materia o nombre geográfico como elemento de entrada Criminología
650 14 - PUNTO DE ACCESO ADICIONAL DE MATERIA--TÉRMINO DE MATERIA
Fuente del encabezamiento o término LEMB
Término de materia o nombre geográfico como elemento de entrada Historia de la criminología.
650 14 - PUNTO DE ACCESO ADICIONAL DE MATERIA--TÉRMINO DE MATERIA
Fuente del encabezamiento o término LEMB
Término de materia o nombre geográfico como elemento de entrada Criminología, ciencia.
650 14 - PUNTO DE ACCESO ADICIONAL DE MATERIA--TÉRMINO DE MATERIA
Fuente del encabezamiento o término LEMB
Término de materia o nombre geográfico como elemento de entrada Prevención del crimen y el delito.
942 ## - ELEMENTOS DE ENTRADA SECUNDARIOS (KOHA)
Fuente de la clasificación o esquema de estantería Clasificación Decimal Dewey
Tipo de ítem Koha Libros
Suprimir en OPAC No
Edición 8a.
Existencias
Estatus retirado Estado de pérdida Fuente de la clasificación o esquema de estantería Estado de daño No para préstamo Colección Biblioteca de origen Biblioteca actual Ubicación en estantería Fecha de adquisición Fuente de adquisición Información codificada de la localización en otra ubicación Número de inventario Total de préstamos Signatura topográfica completa Código de barras Visto por última vez Precio de reemplazo Tipo de ítem Koha
    Clasificación Decimal Dewey     general BIBLIOTECA CUNTOTO BIBLIOTECA CUNTOTO Colección general 12/11/2019 Compra directa 811-1441 53-H-3295-2019   364 G216:8 9789507434051 23/10/2025 23/10/2025 Libros
    Clasificación Decimal Dewey     general BIBLIOTECA CUNTOTO BIBLIOTECA CUNTOTO Colección general 12/11/2019 Compra directa 812-1442 53-H-3296-2019   364 G216:8 c1   23/10/2025 23/10/2025 Libros
    Clasificación Decimal Dewey     general BIBLIOTECA CUNTOTO BIBLIOTECA CUNTOTO Colección general 12/11/2019 Compra directa 813-1443 53-H-3297-2019   364 G216:8 c2   23/10/2025 23/10/2025 Libros